[Event "GoAudit Open 2023"]
[Site "Copenhagen"]
[Date "2023.11.10"]
[Round "3.2"]
[White "Haubro, Martin"]
[Black "Nielsen, Viktor Haarmark"]
[Result "0-1"]
[WhiteElo "2411"]
[BlackElo "2376"]
[PlyCount "98"]
[EventDate "2023.11.10"]
[EventType "swiss"]
[EventRounds "7"]
[EventCountry "DEN"]
[SourceTitle "Live v. Kasper Jerwiarz"]

1. e4 e5 2. Nf3 Nc6 3. Bc4 Bc5 4. O-O Nf6 5. d3 a6 6. a4 O-O 7. h3 h6 8. Re1
Ba7 9. c3 d6 10. Nbd2 Re8 11. b4 Be6 12. Bxe6 Rxe6 13. Qc2 d5 14. Nb3 dxe4 15.
dxe4 Qe8 16. b5 Ne7 17. c4 Ng6 18. Na5 axb5 19. cxb5 Bxf2+ 20. Kxf2 Rxa5 21.
Qxc7 Qa8 22. Qc4 b6 23. Kg1 Ra7 24. Bd2 Qd8 25. Be3 Rc7 26. Qb4 Qd3 27. Ra3 Qc4
28. Qxc4 Rxc4 29. Nd2 Rb4 30. Rc1 Nf4 31. Rc6 Ne2+ 32. Kh2 Nd4 33. Rc4 Rxc4 34.
Nxc4 Nc2 35. Rc3 Nxe3 36. Rxe3 Nd7 37. Rc3 Kf8 38. Ne3 Nf6 39. Rc4 g6 40. Nd5
Nd7 41. Rc8+ Kg7 42. Rc6 Kf8 43. Rxe6 fxe6 44. Nc7 Nc5 45. Kg3 Ke7 46. Kf3 Nxa4
47. Ke3 Kd7 48. Na6 Nc3 49. Nb8+ Kd6 0-1

[Event "GoAudit Open 2023"]
[Site "Copenhagen"]
[Date "2023.11.10"]
[Round "3.3"]
[White "Andries, Alf"]
[Black "Vasli, Aref"]
[Result "1/2-1/2"]
[WhiteElo "2031"]
[BlackElo "2404"]
[PlyCount "63"]
[EventDate "2023.11.10"]
[EventType "swiss"]
[EventRounds "7"]
[EventCountry "DEN"]
[SourceTitle "Live v. Kasper Jerwiarz"]

1. e4 e5 2. Nf3 Nc6 3. d4 exd4 4. Nxd4 Qf6 5. Nf3 Bb4+ 6. c3 Bc5 7. Be2 d6 8.
O-O h6 9. Qc2 Nge7 10. Nbd2 a6 11. b4 Ba7 12. Bb2 Ng6 13. c4 Nce5 14. Nxe5 dxe5
15. Nf3 O-O 16. c5 Qe7 17. Rfe1 Re8 18. Qc3 Bd7 19. a4 Rad8 20. Bf1 a5 21. bxa5
Qxc5 22. Qxc5 Bxc5 23. Rec1 Bd6 24. Ba3 Ra8 25. Bxd6 cxd6 26. Rc7 Bc6 27. a6
Re7 28. Rxe7 Nxe7 29. axb7 Bxb7 30. Nd2 d5 31. exd5 Bxd5 32. Nc4 1/2-1/2

[Event "GoAudit Open 2023"]
[Site "Copenhagen"]
[Date "2023.11.10"]
[Round "3.5"]
[White "Hoi, Carsten"]
[Black "Ostergaard, Jens"]
[Result "1/2-1/2"]
[WhiteElo "2307"]
[BlackElo "2285"]
[PlyCount "87"]
[EventDate "2023.11.10"]
[EventType "swiss"]
[EventRounds "7"]
[EventCountry "DEN"]
[SourceTitle "Live v. Kasper Jerwiarz"]

1. d4 Nf6 2. Nf3 g6 3. c4 Bg7 4. Nc3 O-O 5. e4 d6 6. h3 e5 7. d5 a5 8. Be3 Na6
9. Be2 Nc5 10. Nd2 Ne8 11. g4 f5 12. gxf5 gxf5 13. Qc2 c6 14. O-O-O cxd5 15.
cxd5 Bd7 16. Bxc5 dxc5 17. Kb1 a4 18. exf5 Nd6 19. Nde4 Bxf5 20. Bg4 Bg6 21. f3
a3 22. b3 b5 23. Ka1 b4 24. Na4 c4 25. Nac5 cxb3 26. Qxb3 Rf4 27. Ne6 Qe7 28.
Nxg7 Qxg7 29. Rhg1 Nxe4 30. fxe4 Rxe4 31. d6+ Kh8 32. Bh5 Rd4 33. Bxg6 e4 34.
Kb1 hxg6 35. Qc2 Rd8 36. Rxd4 Qxd4 37. Rd1 Qf6 38. h4 Rxd6 39. Qc8+ Kh7 40.
Qc7+ Kh6 41. Qc1+ Kh7 42. Qc7+ Kh6 43. Qc1+ Kh7 44. Qc7+ 1/2-1/2

[Event "GoAudit Open 2023"]
[Site "Copenhagen"]
[Date "2023.11.10"]
[Round "3.6"]
[White "Schmidt, Kristen"]
[Black "Christensen, Janus"]
[Result "1-0"]
[WhiteElo "2272"]
[BlackElo "2140"]
[PlyCount "81"]
[EventDate "2023.11.10"]
[EventType "swiss"]
[EventRounds "7"]
[EventCountry "DEN"]
[SourceTitle "Live v. Kasper Jerwiarz"]

1. e4 c5 2. Nf3 d6 3. d4 cxd4 4. Nxd4 Nf6 5. f3 Nc6 6. c4 Qb6 7. Nc2 e6 8. Nc3
Be7 9. Be2 O-O 10. Rb1 a6 11. Be3 Qc7 12. O-O b6 13. Qd2 Bb7 14. Rfd1 Rac8 15.
Rbc1 Ne5 16. Na4 Nfd7 17. b3 Nc5 18. Nc3 Rfd8 19. Nd4 Nc6 20. Nxc6 Bxc6 21. b4
Na4 22. Nd5 Bxd5 23. cxd5 Qb7 24. dxe6 fxe6 25. Bd4 d5 26. e5 b5 27. f4 Nb6 28.
Bg4 Rc6 29. f5 Nc4 30. Qe1 Bg5 31. Rc3 exf5 32. Bxf5 Qe7 33. Rh3 g6 34. Bd3 Re6
35. Bxc4 dxc4 36. Bc3 Rf8 37. Qe4 Rd8 38. Rd5 Rxd5 39. Qxd5 Bf4 40. Rf3 Bh6 41.
Rf6 1-0

[Event "GoAudit Open 2023"]
[Site "Copenhagen"]
[Date "2023.11.10"]
[Round "3.7"]
[White "Mollasoltani, Aryan"]
[Black "Skonnord, Uno"]
[Result "0-1"]
[WhiteElo "1993"]
[BlackElo "2233"]
[PlyCount "72"]
[EventDate "2023.11.10"]
[EventType "swiss"]
[EventRounds "7"]
[EventCountry "DEN"]
[SourceTitle "Live v. Kasper Jerwiarz"]

1. e4 c5 2. Nf3 g6 3. d4 cxd4 4. Nxd4 Bg7 5. c4 Nc6 6. Be3 Nf6 7. Nc3 O-O 8.
Be2 Nxd4 9. Bxd4 d6 10. O-O Bd7 11. f3 a5 12. b3 Bc6 13. Rc1 Nd7 14. Bxg7 Kxg7
15. Qd4+ Kg8 16. Nd5 Bxd5 17. exd5 Qb6 18. Qxb6 Nxb6 19. Bd3 Nd7 20. Rfe1 Rfe8
21. Kf2 Nc5 22. Ke3 e6 23. dxe6 fxe6 24. Kd2 Kf7 25. Kc3 Rac8 26. Kd2 Kf6 27.
Rcd1 Rc7 28. Re3 g5 29. Ke2 Rd8 30. Kf2 a4 31. Be4 h6 32. Bb1 axb3 33. axb3 e5
34. Be4 Ne6 35. Bd5 Nd4 36. Ra1 Nc2 0-1

[Event "GoAudit Open 2023"]
[Site "Copenhagen"]
[Date "2023.11.10"]
[Round "3.8"]
[White "Pedersen, Daniel Vesterbaek"]
[Black "Guindy, Esmat Susanne"]
[Result "1-0"]
[WhiteElo "2191"]
[BlackElo "2014"]
[PlyCount "71"]
[EventDate "2023.11.10"]
[EventType "swiss"]
[EventRounds "7"]
[EventCountry "DEN"]
[SourceTitle "Live v. Kasper Jerwiarz"]

1. e4 e6 2. d4 d5 3. Nc3 Nf6 4. e5 Nfd7 5. f4 c5 6. Nf3 Nc6 7. Be3 cxd4 8. Nxd4
Bc5 9. Qd2 a6 10. h4 Nxd4 11. Bxd4 Bxd4 12. Qxd4 Qb6 13. Qxb6 Nxb6 14. a4 d4
15. Ne2 Nd5 16. O-O-O Bd7 17. Rxd4 Rc8 18. Rh3 Ke7 19. b3 b5 20. axb5 axb5 21.
Kb2 Rc7 22. Nc3 Nxc3 23. Rxc3 Ra7 24. Rc5 Rb8 25. Rb4 Rab7 26. c4 bxc4 27. Rxb7
Rxb7 28. Bxc4 Be8 29. Kc3 f6 30. b4 h6 31. b5 Bg6 32. Rc6 Bf5 33. b6 g5 34.
Rc7+ Rxc7 35. bxc7 Kd7 36. exf6 1-0

[Event "GoAudit Open 2023"]
[Site "Copenhagen"]
[Date "2023.11.10"]
[Round "3.10"]
[White "Laursen, Niels Norskov"]
[Black "Fredericia, Louise Winther"]
[Result "1/2-1/2"]
[WhiteElo "2166"]
[BlackElo "1990"]
[PlyCount "75"]
[EventDate "2023.11.10"]
[EventType "swiss"]
[EventRounds "7"]
[EventCountry "DEN"]
[SourceTitle "Live v. Kasper Jerwiarz"]

1. e4 c5 2. Nf3 Nc6 3. Bb5 g6 4. O-O Bg7 5. c3 Qb6 6. Na3 a6 7. Bc4 d6 8. h3 e6
9. Re1 Nge7 10. Bf1 O-O 11. Nc4 Qc7 12. d4 b5 13. dxc5 dxc5 14. Ne3 Bb7 15. a4
b4 16. Qc2 Rac8 17. Nc4 Na5 18. Bg5 Nec6 19. Nfd2 h6 20. Be3 bxc3 21. bxc3 Nxc4
22. Nxc4 Na5 23. Rab1 Nxc4 24. Bxc4 Rfd8 25. Rb2 Qc6 26. Bf4 g5 27. Bg3 Rd7 28.
a5 Rcd8 29. Rb6 Qc8 30. Qb3 Qa8 31. h4 g4 32. Bf4 Kh8 33. Kh2 Bxe4 34. Rxa6 Qb7
35. Rb6 Qa8 36. Ra6 Qb7 37. Rb6 Qa8 38. Ra6 1/2-1/2

[Event "GoAudit Open 2023"]
[Site "Copenhagen"]
[Date "2023.11.10"]
[Round "3.11"]
[White "Wehding, Anton Bonsvig"]
[Black "Gregor, Bjarke"]
[Result "0-1"]
[WhiteElo "1923"]
[BlackElo "2163"]
[PlyCount "66"]
[EventDate "2023.11.10"]
[EventType "swiss"]
[EventRounds "7"]
[EventCountry "DEN"]
[SourceTitle "Live v. Kasper Jerwiarz"]

1. d4 Nf6 2. Nf3 e6 3. Bf4 d5 4. e3 Bd6 5. Bg3 c5 6. c3 Qc7 7. Nbd2 Nbd7 8. Bd3
O-O 9. O-O Bxg3 10. hxg3 e5 11. dxe5 Nxe5 12. Nxe5 Qxe5 13. Nf3 Qe7 14. Qc2 b6
15. b3 Bb7 16. a4 a6 17. Rad1 Rad8 18. Qe2 Ne4 19. Bxe4 dxe4 20. Nd2 Qf6 21.
Rc1 Rd3 22. Nb1 Rfd8 23. Qa2 h5 24. b4 h4 25. bxc5 bxc5 26. Qb2 Ba8 27. gxh4
Qxh4 28. Na3 R3d6 29. g3 Qh3 30. f4 Qxg3+ 31. Qg2 Qxe3+ 32. Qf2 Rg6+ 33. Kh2
Rd2 0-1

[Event "GoAudit Open 2023"]
[Site "Copenhagen"]
[Date "2023.11.10"]
[Round "3.12"]
[White "Petersen, Peter Birk"]
[Black "Saravana, Vedant Kumar"]
[Result "0-1"]
[WhiteElo "2146"]
[BlackElo "1924"]
[PlyCount "82"]
[EventDate "2023.11.10"]
[EventType "swiss"]
[EventRounds "7"]
[EventCountry "DEN"]
[SourceTitle "Live v. Kasper Jerwiarz"]

1. e4 e5 2. Nf3 Nc6 3. Bb5 a6 4. Ba4 Nf6 5. O-O Be7 6. Re1 b5 7. Bb3 d6 8. c3
O-O 9. h3 Na5 10. Bc2 c5 11. d4 Qc7 12. Nbd2 Bd7 13. Nf1 Rfe8 14. Ng3 cxd4 15.
cxd4 Rac8 16. Bd3 exd4 17. Nxd4 d5 18. e5 Bb4 19. Bd2 Bxd2 20. Qxd2 Rxe5 21.
Rxe5 Qxe5 22. Nf3 Qc7 23. Re1 Nc4 24. Qc3 Qb6 25. b3 Nd6 26. Qb4 Qc5 27. Qf4
Re8 28. Rxe8+ Ndxe8 29. Ne5 Be6 30. Bf5 Nd6 31. Nd3 Qb6 32. Bxe6 fxe6 33. Ne5
Nf7 34. Nd3 a5 35. h4 Qd6 36. Qc1 e5 37. Qc8+ Nd8 38. Nxe5 Qxe5 39. Qxd8+ Kf7
40. Qxa5 d4 41. Qxb5 Qxb5 0-1

[Event "GoAudit Open 2023"]
[Site "Copenhagen"]
[Date "2023.11.11"]
[Round "4.1"]
[White "Hector, Jonny"]
[Black "Nielsen, Viktor Haarmark"]
[Result "1-0"]
[WhiteElo "2437"]
[BlackElo "2376"]
[PlyCount "125"]
[EventDate "2023.11.10"]
[EventType "swiss"]
[EventRounds "7"]
[EventCountry "DEN"]
[SourceTitle "Live v. Kasper Jerwiarz"]

1. e4 e5 2. Nf3 Nc6 3. d4 exd4 4. Nxd4 Bc5 5. Be3 Qf6 6. c3 Nge7 7. Bc4 Ne5 8.
Be2 Qg6 9. O-O d6 10. f4 Qxe4 11. Bf2 Bxd4 12. cxd4 N5g6 13. Nc3 Qxf4 14. Nb5
Kd8 15. Rc1 Nd5 16. Bf3 Nge7 17. Bxd5 Nxd5 18. Qh5 g5 19. Bg3 Bg4 20. Rxf4 Bxh5
21. Rf5 Ne7 22. Rxg5 Bg6 23. Rxc7 Rc8 24. Bxd6 Rxc7 25. Bxc7+ Kd7 26. Bf4 Rc8
27. Nc3 Rc4 28. Rb5 b6 29. Be3 Nf5 30. Bf2 Kc6 31. d5+ Kd7 32. Rb3 Kc8 33. h3
Nd6 34. Be3 Ne4 35. Nb5 Kb7 36. g4 Rc8 37. Rb4 Rd8 38. Rd4 a6 39. Nc3 Nd6 40.
Bf4 Ne8 41. Kf2 h5 42. gxh5 Bxh5 43. Re4 Nf6 44. Re5 Bg6 45. Bg5 Rd6 46. Re7+
Kc8 47. Bxf6 Rxf6+ 48. Ke3 Rf1 49. Ra7 Rh1 50. d6 Rxh3+ 51. Kd4 Kb8 52. Re7
Rd3+ 53. Ke5 Re3+ 54. Kd5 Rxe7 55. dxe7 f5 56. Ne2 Kc7 57. Ke6 Kc6 58. Nd4+ Kc5
59. Nxf5 Be8 60. Nd6 Bc6 61. Ke5 a5 62. e8=Q Bxe8 63. Nxe8 1-0

[Event "GoAudit Open 2023"]
[Site "Copenhagen"]
[Date "2023.11.11"]
[Round "4.2"]
[White "Vasli, Aref"]
[Black "Fries Nielsen, Jens Ove"]
[Result "1/2-1/2"]
[WhiteElo "2404"]
[BlackElo "2385"]
[PlyCount "90"]
[EventDate "2023.11.10"]
[EventType "swiss"]
[EventRounds "7"]
[EventCountry "DEN"]
[SourceTitle "Live v. Kasper Jerwiarz"]

1. Nf3 Nf6 2. g3 d6 3. Bg2 e5 4. c4 Nbd7 5. Nc3 c6 6. O-O d5 7. cxd5 cxd5 8. d4
e4 9. Ne5 Bd6 10. Bf4 Nb6 11. Qb3 O-O 12. a4 a5 13. Rac1 Be6 14. f3 exf3 15.
Bxf3 Ne4 16. Rfd1 g5 17. Be3 Nxc3 18. Rxc3 f6 19. Nd3 Nc4 20. Nc5 Bf7 21. Bf2
Qe7 22. Qc2 b6 23. b3 bxc5 24. bxc4 cxd4 25. Bxd4 dxc4 26. Bxa8 Rxa8 27. Re3
Qd8 28. Qf5 Be7 29. Qe4 Bc5 30. Kf2 Rc8 31. Rc3 Rc7 32. e3 Rd7 33. Rcc1 Ba3 34.
Rc2 Bb4 35. Rf1 Be7 36. Kg1 Bg6 37. Qe6+ Bf7 38. Qa6 Rxd4 39. exd4 Qxd4+ 40.
Rcf2 Bd5 41. Qc8+ Kg7 42. Qd7 Qe4 43. Re2 Qd4+ 44. Ref2 Qe4 45. Re2 Qd4+
1/2-1/2

[Event "GoAudit Open 2023"]
[Site "Copenhagen"]
[Date "2023.11.11"]
[Round "4.3"]
[White "Ostergaard, Jens"]
[Black "Andries, Alf"]
[Result "0-1"]
[WhiteElo "2285"]
[BlackElo "2031"]
[PlyCount "132"]
[EventDate "2023.11.10"]
[EventType "swiss"]
[EventRounds "7"]
[EventCountry "DEN"]
[SourceTitle "Live v. Kasper Jerwiarz"]

1. d4 Nf6 2. Nf3 e6 3. c4 Bb4+ 4. Bd2 Qe7 5. g3 Bxd2+ 6. Nbxd2 d6 7. e4 e5 8.
d5 a5 9. Bg2 O-O 10. O-O Na6 11. Ne1 Nc5 12. b3 Bg4 13. f3 Bd7 14. a3 h5 15. h4
c6 16. b4 axb4 17. axb4 Na6 18. dxc6 bxc6 19. Nd3 d5 20. c5 Nxb4 21. Nf2 Qxc5
22. Nb3 Qc2 23. Qxc2 Nxc2 24. Rxa8 Rxa8 25. Nd3 Ne3 26. Re1 Nxg2 27. Kxg2 Ra2+
28. Kg1 dxe4 29. fxe4 Ng4 30. Nbc5 Ra3 31. Rd1 Be6 32. Nxe6 fxe6 33. Rd2 Rc3
34. Kf1 c5 35. Ke2 c4 36. Nc5 Re3+ 37. Kd1 Rxg3 38. Nxe6 c3 39. Rd8+ Kf7 40.
Ng5+ Ke7 41. Rc8 Kd7 42. Rc5 Kd6 43. Rc8 Rg1+ 44. Ke2 Rg2+ 45. Kd3 Rg3+ 46. Kc2
Ne3+ 47. Kxc3 Nf5+ 48. Kc4 Nxh4 49. Nf7+ Ke6 50. Rc7 Ng2 51. Nd8+ Kf6 52. Rf7+
Kg6 53. Re7 Rg5 54. Kd5 Ne3+ 55. Kd6 h4 56. Ne6 Rh5 57. Nf8+ Kh6 58. Re6+ Kg5
59. Kxe5 Kg4+ 60. Kd4 Kf3 61. Ng6 h3 62. Ne5+ Ke2 63. Ra6 Nc2+ 64. Kc3 h2 65.
Ra2 Rh3+ 66. Kc4 Kd2 0-1

[Event "GoAudit Open 2023"]
[Site "Copenhagen"]
[Date "2023.11.11"]
[Round "4.4"]
[White "Kopylov, Daniel"]
[Black "Haubro, Martin"]
[Result "0-1"]
[WhiteElo "2342"]
[BlackElo "2411"]
[PlyCount "73"]
[EventDate "2023.11.10"]
[EventType "swiss"]
[EventRounds "7"]
[EventCountry "DEN"]
[SourceTitle "Live v. Kasper Jerwiarz"]

1. e4 c5 2. Nf3 d6 3. d4 cxd4 4. Nxd4 Nf6 5. Nc3 a6 6. g3 e5 7. Nb3 Be7 8. Bg2
O-O 9. O-O Qc7 10. Bg5 Nbd7 11. a4 h6 12. Bxf6 Nxf6 13. Re1 Be6 14. Nd2 Qb6 15.
Rb1 Qc5 16. Nb3 Qc7 17. Nd2 Rfc8 18. Nf1 Qc5 19. Ne3 b5 20. axb5 axb5 21. Ncd5
Nxd5 22. exd5 Bd7 23. h4 f5 24. Bh3 Rf8 25. Qd3 Qc8 26. Ra1 Rxa1 27. Rxa1 Bd8
28. Ra7 Bb6 29. Rxd7 Qxd7 30. Nxf5 Kh8 31. h5 Qe8 32. Bg4 e4 33. Qc3 Rf6 34.
Qc6 Qxc6 35. dxc6 Rf7 36. Kf1 d5 37. Nh4 0-1

[Event "GoAudit Open 2023"]
[Site "Copenhagen"]
[Date "2023.11.11"]
[Round "4.5"]
[White "Falkesgaard, Jeppe Hald"]
[Black "Kopylov, Michael"]
[Result "1/2-1/2"]
[WhiteElo "2181"]
[BlackElo "2367"]
[PlyCount "120"]
[EventDate "2023.11.10"]
[EventType "swiss"]
[EventRounds "7"]
[EventCountry "DEN"]
[SourceTitle "Live v. Kasper Jerwiarz"]

1. c4 e6 2. g3 d5 3. Bg2 Nf6 4. Nf3 Be7 5. O-O O-O 6. b3 c5 7. cxd5 exd5 8. d4
Nc6 9. Nc3 Ne4 10. Bb2 Bf6 11. Na4 b6 12. Rc1 Re8 13. dxc5 Bxb2 14. Nxb2 bxc5
15. Nd2 Nf6 16. Rxc5 Nd4 17. e3 Ne6 18. Rc1 Qa5 19. Ndc4 Qa6 20. Na4 Bd7 21.
Bxd5 Rad8 22. Bxe6 Qxe6 23. Nc5 Qh3 24. Qe2 Bb5 25. e4 Rd5 26. b4 h5 27. f3 h4
28. g4 a5 29. a3 axb4 30. axb4 Rd4 31. Nb3 Rxc4 32. Rxc4 Nxg4 33. Nd2 Ne5 34.
Rfc1 Bxc4 35. Rxc4 Rd8 36. Rc3 Qd7 37. Nf1 Qd4+ 38. Qe3 Qxb4 39. Rb3 Qd6 40.
Rb2 Qf6 41. Rb6 Qxf3 42. Qxf3 Nxf3+ 43. Kf2 Ng5 44. Ke3 Rd1 45. Nd2 Rh1 46. Kf4
Rxh2 47. Kxg5 Rxd2 48. Kxh4 Rd4 49. Rb8+ Kh7 50. Re8 f5 51. Kg5 Rxe4 52. Ra8
Re5 53. Ra7 Rb5 54. Rf7 Ra5 55. Rf8 g6 56. Rf7+ Kg8 57. Rf6 Kh7 58. Rf7+ Kg8
59. Rf6 f4+ 60. Kxg6 Ra7 1/2-1/2

[Event "GoAudit Open 2023"]
[Site "Copenhagen"]
[Date "2023.11.11"]
[Round "4.7"]
[White "Saravana, Vedant Kumar"]
[Black "Schmidt, Kristen"]
[Result "0-1"]
[WhiteElo "1924"]
[BlackElo "2272"]
[PlyCount "140"]
[EventDate "2023.11.10"]
[EventType "swiss"]
[EventRounds "7"]
[EventCountry "DEN"]
[SourceTitle "Live v. Kasper Jerwiarz"]

1. e4 d6 2. d4 Nf6 3. Nc3 g6 4. Nf3 Bg7 5. Bc4 c6 6. Bd3 O-O 7. a4 Qc7 8. O-O
e5 9. dxe5 dxe5 10. Qe2 Nbd7 11. b3 Re8 12. Ba3 Nh5 13. Qe3 Nf4 14. Rfd1 Bf8
15. Bxf8 Nxf8 16. Bf1 Bg4 17. Rd2 N8e6 18. Ne2 Rad8 19. Rad1 Rxd2 20. Rxd2 Qa5
21. Rd1 Qc5 22. Qxc5 Nxc5 23. Nxf4 exf4 24. h3 Bxf3 25. gxf3 a5 26. Rd6 Kg7 27.
Bc4 Re5 28. Kf1 f5 29. exf5 Rxf5 30. Bd3 Rh5 31. Kg2 Rd5 32. Rxd5 cxd5 33. Bb5
Kf6 34. Kf1 Ke5 35. Ke2 Ne6 36. Kd2 Ng5 37. Bd7 Nxf3+ 38. Kd3 Nd4 39. Bc8 b6
40. Bg4 Nc6 41. c3 Kd6 42. Be2 Kc5 43. Bd1 Ne5+ 44. Kd2 d4 45. cxd4+ Kxd4 46.
Be2 f3 47. Ba6 g5 48. Bb5 Ke4 49. Kc3 g4 50. hxg4 Nxg4 51. Bd3+ Kd5 52. Bxh7
Nxf2 53. Bg6 Ng4 54. Bf7+ Kc5 55. Bc4 Nh2 56. Kd2 f2 57. Ke3 f1=Q 58. Bxf1
Nxf1+ 59. Ke2 Ng3+ 60. Kd3 Nf5 61. Kc3 Nd4 62. Kb2 Kb4 63. Ka2 Nxb3 64. Kb2 Nc5
65. Ka2 Nxa4 66. Ka1 Kc3 67. Ka2 b5 68. Ka3 b4+ 69. Ka2 b3+ 70. Ka3 Kc2 0-1

[Event "GoAudit Open 2023"]
[Site "Copenhagen"]
[Date "2023.11.11"]
[Round "4.8"]
[White "Skonnord, Uno"]
[Black "Dalsberg, Sandra de Blecourt"]
[Result "1-0"]
[WhiteElo "2233"]
[BlackElo "2028"]
[PlyCount "83"]
[EventDate "2023.11.10"]
[EventType "swiss"]
[EventRounds "7"]
[EventCountry "DEN"]
[SourceTitle "Live v. Kasper Jerwiarz"]

1. e4 c5 2. Nc3 e6 3. Nge2 a6 4. g3 b5 5. Bg2 Bb7 6. d4 cxd4 7. Nxd4 b4 8. Na4
Nf6 9. O-O Bxe4 10. Bxe4 Nxe4 11. Re1 d5 12. c4 bxc3 13. Nxc3 Nxc3 14. Qh5 Ne4
15. Nxe6 Qb6 16. Nc7+ Qxc7 17. Qxd5 Ra7 18. Bg5 f6 19. Rxe4+ Be7 20. Bf4 Qc6
21. Qd4 Rd7 22. Qe3 Qb7 23. Re6 Nc6 24. Rc1 Nd8 25. Rb6 Qd5 26. Rxa6 O-O 27.
Qb6 Rb7 28. Qe3 Qb5 29. Ra8 Qxb2 30. Rd1 Qb5 31. Qe4 Rd7 32. Re1 Qd5 33. Qxd5+
Rxd5 34. Rxe7 Nc6 35. Rxf8+ Kxf8 36. Re6 Nd4 37. Re4 g5 38. Be3 Ne2+ 39. Kg2
Nc3 40. Rc4 Nd1 41. Bd4 Ke7 42. Kf1 1-0

[Event "GoAudit Open 2023"]
[Site "Copenhagen"]
[Date "2023.11.11"]
[Round "4.9"]
[White "Petersen, Nils"]
[Black "Pedersen, Daniel Vesterbaek"]
[Result "0-1"]
[WhiteElo "1849"]
[BlackElo "2191"]
[PlyCount "178"]
[EventDate "2023.11.10"]
[EventType "swiss"]
[EventRounds "7"]
[EventCountry "DEN"]
[SourceTitle "Live v. Kasper Jerwiarz"]

1. c4 Nf6 2. g3 c5 3. Bg2 d5 4. cxd5 Nxd5 5. Nc3 Nc7 6. Nf3 Nc6 7. O-O e5 8. d3
Be7 9. b3 O-O 10. Bb2 Bg4 11. h3 Be6 12. Qd2 f6 13. Rfc1 Qd7 14. Kh2 Rac8 15.
Ne4 Na6 16. Qd1 Rfd8 17. Ned2 Kh8 18. Nc4 Nc7 19. Ne3 Nb5 20. Nc2 b6 21. a4 Nc7
22. Ne3 Qe8 23. Nd2 Na6 24. Ndc4 Nab4 25. Nc2 Nd5 26. N2e3 Ncb4 27. Ba3 Qf7 28.
Bxb4 Nxb4 29. Nc2 Nc6 30. Rab1 Bf8 31. Qe1 Qh5 32. Qf1 g5 33. N4e3 f5 34. f3 f4
35. g4 Qf7 36. Nc4 Qb7 37. Qf2 a6 38. Nd2 h6 39. Ne4 Be7 40. Bf1 Nd4 41. Na1
Kg7 42. e3 fxe3 43. Qxe3 Rf8 44. Bg2 Rf4 45. Ng3 Kg8 46. Rf1 Bd6 47. Ne4 Bf8
48. Ng3 Bd6 49. Ne4 Bf8 50. Ng3 Qc7 51. Ne2 Nxe2 52. Qxe2 Bg7 53. Kh1 Qf7 54.
Nc2 b5 55. axb5 axb5 56. Ne3 Rd8 57. Rfc1 Qe7 58. Qc2 Bf8 59. Qc3 Rfd4 60. Bf1
Qf7 61. Kg2 h5 62. Be2 Bd6 63. Nf1 hxg4 64. hxg4 Bd5 65. Ng3 Rxg4 66. Kf2 Rxg3
67. Kxg3 e4+ 68. Kf2 exf3 69. Bf1 Qf4 70. Ke1 b4 71. Qd2 Qxd2+ 72. Kxd2 Bf4+
73. Ke1 Bxc1 74. Rxc1 Bxb3 75. Rxc5 Bd5 76. Bh3 Kf7 77. Kf2 Ke7 78. Rb5 b3 79.
Bg4 Bf7 80. Bxf3 Rxd3 81. Rxg5 Kd6 82. Rb5 Bc4 83. Rb8 Kc5 84. Be4 Rd1 85. Bg6
Rd6 86. Be4 Kd4 87. Bb1 Kc3 88. Ke1 Rf6 89. Bd3 Bxd3 0-1

[Event "GoAudit Open 2023"]
[Site "Copenhagen"]
[Date "2023.11.11"]
[Round "4.10"]
[White "Sorensen, Reto Utiger"]
[Black "Laursen, Niels Norskov"]
[Result "1/2-1/2"]
[WhiteElo "2060"]
[BlackElo "2166"]
[PlyCount "83"]
[EventDate "2023.11.10"]
[EventType "swiss"]
[EventRounds "7"]
[EventCountry "DEN"]
[SourceTitle "Live v. Kasper Jerwiarz"]

1. c4 Nf6 2. Nf3 c5 3. g3 b6 4. Bg2 Bb7 5. O-O e6 6. Nc3 a6 7. d3 d6 8. Rb1 Be7
9. a3 Qc7 10. Bf4 O-O 11. Qc2 Nbd7 12. e4 Ne5 13. b4 Nfd7 14. Rfd1 Nxf3+ 15.
Bxf3 Ne5 16. Bg2 Bf6 17. bxc5 bxc5 18. Rb3 Bc6 19. Rdb1 Rab8 20. Be3 Rxb3 21.
Qxb3 Nd7 22. Ne2 Rb8 23. Qa2 Ba4 24. Rxb8+ Qxb8 25. d4 cxd4 26. Nxd4 Nc5 27. h3
h6 28. Kh2 Kh7 29. Qd2 Qc7 30. Qb4 Bd7 31. Qb1 Kg8 32. Qb4 Bc8 33. Nb3 Nxb3 34.
Qxb3 Bb7 35. Qa4 Be7 36. Qb3 Qc6 37. Qb4 Kf8 38. Qb2 Bf6 39. Qb4 Kg8 40. Qb3
Kf8 41. Qb4 Kg8 42. Qb3 1/2-1/2

[Event "GoAudit Open 2023"]
[Site "Copenhagen"]
[Date "2023.11.11"]
[Round "4.11"]
[White "Christensen, Janus"]
[Black "Kopylov, Diana"]
[Result "0-1"]
[WhiteElo "2140"]
[BlackElo "1397"]
[PlyCount "102"]
[EventDate "2023.11.10"]
[EventType "swiss"]
[EventRounds "7"]
[EventCountry "DEN"]
[SourceTitle "Live v. Kasper Jerwiarz"]

1. e4 c5 2. Nf3 d6 3. d4 cxd4 4. Nxd4 Nf6 5. Nc3 g6 6. f4 Nbd7 7. Be3 Bg7 8.
Be2 O-O 9. O-O a6 10. Bf3 Qc7 11. Qe2 Nb6 12. Bf2 Nc4 13. b3 Na5 14. Qd3 Bg4
15. h3 Bxf3 16. Nxf3 Rac8 17. Bd4 Nc6 18. Bxf6 Nb4 19. Nd5 Nxd3 20. Nxc7 Bxf6
21. e5 dxe5 22. cxd3 e4 23. dxe4 Bxa1 24. Nd5 Bf6 25. e5 Rcd8 26. Rd1 Bg7 27.
Nxe7+ Kh8 28. Rc1 Rfe8 29. Rc7 Bf8 30. Ng5 Rxe7 31. Rc4 Kg8 32. Ne4 Bg7 33. a4
Red7 34. Nd6 Bf8 35. Ne4 Kg7 36. Ng5 h6 37. Nf3 b6 38. Rc6 Bc5+ 39. Kh2 Rd3 40.
b4 Bxb4 41. Rxb6 a5 42. e6 fxe6 43. Ne5 R3d6 44. Rb7+ Kg8 45. Nf7 Bd2 46. Nxd8
Rxd8 47. g3 Rd4 48. Re7 Rxa4 49. Rxe6 Kf7 50. Rd6 Ra2 51. Kh1 a4 0-1

[Event "GoAudit Open 2023"]
[Site "Copenhagen"]
[Date "2023.11.11"]
[Round "4.12"]
[White "Fredericia, Louise Winther"]
[Black "Petersen, Peter Birk"]
[Result "1/2-1/2"]
[WhiteElo "1990"]
[BlackElo "2146"]
[PlyCount "93"]
[EventDate "2023.11.10"]
[EventType "swiss"]
[EventRounds "7"]
[EventCountry "DEN"]
[SourceTitle "Live v. Kasper Jerwiarz"]

1. e4 c5 2. Nc3 e6 3. Qe2 Nc6 4. Nf3 d6 5. g3 Nf6 6. Bg2 Be7 7. O-O O-O 8. Nd1
e5 9. d3 b5 10. h3 Bd7 11. c3 Rc8 12. Nh2 Be6 13. f4 c4 14. f5 cxd3 15. Qd2 Bd7
16. Qxd3 Na5 17. Ne3 Bc6 18. Nd5 Nxd5 19. exd5 Bd7 20. Ng4 f6 21. b3 Qc7 22.
Bd2 Nb7 23. Rac1 Nc5 24. Qe2 Qb7 25. Be4 a5 26. Bg2 b4 27. c4 a4 28. Rb1 axb3
29. axb3 Ra8 30. Be3 Qb6 31. Qc2 Ra3 32. Nf2 Qa5 33. Rb2 Bd8 34. g4 Bb6 35. Kh2
Ra8 36. Bd2 Nb7 37. Nd3 Bc5 38. Be4 Qb6 39. Rbb1 Ra2 40. Rb2 R2a3 41. Rbb1 Ra2
42. Rb2 Qa5 43. Kg3 Ra3 44. h4 Qb6 45. Rbb1 Ra2 46. Rb2 R2a3 47. Rbb1 1/2-1/2

[Event "GoAudit Open 2023"]
[Site "Copenhagen"]
[Date "2023.11.11"]
[Round "5.1"]
[White "Andries, Alf"]
[Black "Hector, Jonny"]
[Result "0-1"]
[WhiteElo "2031"]
[BlackElo "2437"]
[PlyCount "47"]
[EventDate "2023.11.10"]
[EventType "swiss"]
[EventRounds "7"]
[EventCountry "DEN"]
[SourceTitle "Live v. Kasper Jerwiarz"]

1. e4 e5 2. Nf3 Nc6 3. d4 exd4 4. Nxd4 Nf6 5. Nxc6 bxc6 6. e5 Qe7 7. Qe2 Nd5 8.
c4 Ba6 9. b3 O-O-O 10. g3 h5 11. Bg2 h4 12. O-O hxg3 13. hxg3 f5 14. Qb2 g5 15.
Re1 f4 16. Qc2 Qe6 17. Nd2 Nb4 18. Qe4 fxg3 19. fxg3 Bc5+ 20. Kf1 Rhf8+ 21. Ke2
d5 22. exd6 Qxd6 23. Kd1 Qxg3 24. Bf3 0-1

[Event "GoAudit Open 2023"]
[Site "Copenhagen"]
[Date "2023.11.11"]
[Round "5.2"]
[White "Haubro, Martin"]
[Black "Hoi, Carsten"]
[Result "1-0"]
[WhiteElo "2411"]
[BlackElo "2307"]
[PlyCount "73"]
[EventDate "2023.11.10"]
[EventType "swiss"]
[EventRounds "7"]
[EventCountry "DEN"]
[SourceTitle "Live v. Kasper Jerwiarz"]

1. e4 e5 2. Nf3 Nc6 3. Bc4 d6
4. O-O g6 5. c3 Bg7 6. Re1 Nf6 7. h3 O-O 8. a4 Nxe4 9. d4 d5 10. Ba2 exd4 11.
cxd4 Nxd4 12. Nxd4 Nxf2 13. Kxf2 Qh4+ 14. Kf1 Bxd4 15. Qf3 Bf5 16. Nc3 Rae8 17.
Bf4 Bd3+ 18. Ne2 c6 19. Bg3 Rxe2 20. Rxe2 Bxe2+ 21. Kxe2 Qe7+ 22. Kf1 Qb4 23.
Qb3 Qe7 24. Re1 Qf6+ 25. Qf3 Qd8 26. b3 Re8 27. Rxe8+ Qxe8 28. Qf4 Qe4 29. Qxe4
dxe4 30. Bf2 c5 31. b4 e3 32. Be1 cxb4 33. Bxb4 Kg7 34. Ke2 a6 35. Kd3 Ba7 36.
Bd5 b6 37. Bc3+ 1-0